LEADER 03472nam 2200697 450 001 9910787201103321 005 20230803204702.0 010 $a3-11-037409-9 010 $a3-11-034039-9 024 7 $a10.1515/9783110340396 035 $a(CKB)3710000000229075 035 $a(EBL)1345083 035 $a(SSID)ssj0001332240 035 $a(PQKBManifestationID)11700338 035 $a(PQKBTitleCode)TC0001332240 035 $a(PQKBWorkID)11376529 035 $a(PQKB)10970542 035 $a(MiAaPQ)EBC1345083 035 $a(DE-B1597)245462 035 $a(OCoLC)890089611 035 $a(OCoLC)900717149 035 $a(DE-B1597)9783110340396 035 $a(Au-PeEL)EBL1345083 035 $a(CaPaEBR)ebr11010303 035 $a(CaONFJC)MIL783339 035 $a(EXLCZ)993710000000229075 100 $a20150203h20142014 uy 0 101 0 $ager 135 $aur|n|---||||| 181 $ctxt 182 $cc 183 $acr 200 14$aDas amerikanische Spanisch $eein regionaler und historischer U?berblick /$fVolker Noll 205 $a3., aktualisierte und erweiterte Auflage. 210 1$aBerlin, [Germany] ;$aBoston, [Massachusetts] :$cDe Gruyter,$d2014. 210 4$d©2014 215 $a1 online resource (170 p.) 225 1 $aRomanistische Arbeitshefte,$x0344-676X ;$v46 300 $aDescription based upon print version of record. 311 $a3-11-034038-0 320 $aIncludes bibliographical references. 327 $t Frontmatter -- $tVorwort der ersten Auflage -- $tInhalt -- $tAbkürzungen -- $tLänderkarten -- $t1. Das amerikanische Spanisch -- $t2. Besonderheiten des amerikanischen Spanisch -- $t3. Das Spanische in den USA -- $t4. Die diatopische Gliederung des amerikanischen Spanisch -- $t5. Die koloniale Expansion -- $t6. Die Ausbildung struktureller hispanoamerikanischer Merkmale -- $t7. Die Herausbildung des amerikanischen Spanisch -- $t8. Literatur 330 $aDas vorliegende romanistische Arbeitsheft bietet Studierenden der Romanistik, Hispanistik und vergleichenden Sprachwissenschaft einen aktuellen Überblick zum amerikanischen Spanisch. Es unternimmt eine detaillierte, sowohl regional als auch historisch ausgerichtete, sprachliche Beschreibung im kontrastiven Vergleich mit der kastilischen Norm. Aus dem Inhalt: der spanische Sprachraum, kleine Länder- und Namenkunde, ausgewählte Hilfsmittel zum amerikanischen Spanisch, Besonderheiten des amerikanischen Spanisch (Phonetik, Morphosyntax, Lexik) in länderübergreifender Darstellung, diatopische Gliederung, die koloniale Expansion mit Ausführungen zu indigenen Völkern und Sprachen, die Hispanisierung Amerikas, Thesen der sprachlichen Differenzierung, die Ausbildung hispanoamerikanischer Merkmale, das Spanische in den USA. Neben einem aktualisierten Literaturverzeichnis enthält der Band auch einen praktischen Übungsteil. 410 0$aRomanistische Arbeitshefte ;$v46. 606 $aSpanish language$xDialects$zAmerica 606 $aLanguages in contact$zAmerica 610 $aAmerica. 610 $aLanguage Variation. 610 $aSpanish. 615 0$aSpanish language$xDialects 615 0$aLanguages in contact 676 $a467/.98 686 $aIM 9600$2rvk 700 $aNoll$b Volker$f1958-$01472060 801 0$bMiAaPQ 801 1$bMiAaPQ 801 2$bMiAaPQ 906 $aBOOK 912 $a9910787201103321 996 $aDas amerikanische Spanisch$93684662 997 $aUNINA LEADER 03401nam 2200529zu 450 001 9911019626003321 005 20240912161918.0 010 $a9781394189953 010 $a1394189958 010 $a9781394189946 010 $a139418994X 010 $a9781394189939 010 $a1394189931 035 $a(CKB)34343272200041 035 $a(MiAaPQ)EBC31622258 035 $a(Exl-AI)31622258 035 $a(Perlego)4532811 035 $a(Au-PeEL)EBL31622258 035 $a(OCoLC)1455132668 035 $a(EXLCZ)9934343272200041 100 $a20240902d2024 uy | 101 0 $aeng 135 $aur||||||||||| 181 $ctxt$2rdacontent 182 $cc$2rdamedia 183 $acr$2rdacarrier 200 00$aAdvancements in Non-Conventional Cooling and Thermal Storage Strategies 205 $a1st ed. 210 $cJohn Wiley & Sons, Inc$d2024 215 $a1 online resource (381 pages) 311 08$a9781394189922 311 08$a1394189923 327 $aCover -- Title Page -- Copyright -- Contents -- List of Contributors -- Preface -- Chapter 1 Introduction to Advancements in Non?Conventional Cooling and Thermal Storage Strategies: Technologies for More Sustainable Space Conditioning -- 1.1 Background -- 1.2 Key Contribution of Each Chapter -- References -- Chapter 2 Potential Assessment of Hydrofluoro Refrigerant?Based Adsorption Cooling Systems -- 2.1 Introduction -- 2.2 System Description -- 2.3 Mathematical Modeling -- 2.4 Results and Discussion -- 2.4.1 Performance Evaluation of Stand?alone Cooling Systems -- 2.4.2 Performance Evaluation of Cascaded Configurations -- 2.4.2.1 Performance Evaluation of Configuration A -- 2.4.2.2 Performance Evaluation of Configuration B -- 2.5 Conclusions -- References -- Chapter 3 Optimal Utilization of Waste Biomass for the Development of Minimal Emission Sustainable Cooling Systems -- 3.1 Introduction -- 3.2 Experimental -- 3.2.1 Waste Raw Precursors: Mangrove and Palm -- 3.2.2 Activated Carbon Synthesis -- 3.2.3 Adsorbate: R32 -- 3.2.4 Thermogravimetric Analyzer (TGA) -- 3.2.5 Measurement Procedure -- 3.2.6 Isotherm Models$7Generated by AI. 330 $aThis book explores advancements in cooling and thermal storage strategies with a focus on sustainable space conditioning. It addresses the critical issues of energy consumption and environmental impact associated with conventional cooling systems. By examining adsorption and absorption technologies, metal-organic frameworks, and phase-change materials, the authors aim to provide innovative solutions to reduce energy consumption and tackle climate change challenges. The book is intended for researchers, engineers, and professionals in the fields of energy and environmental science, offering fresh perspectives on passive cooling strategies, renewable energy integration, and thermal energy storage systems.$7Generated by AI. 606 $aCooling systems$7Generated by AI 606 $aHeat storage$7Generated by AI 615 0$aCooling systems 615 0$aHeat storage 676 $a697 700 $aBidyut Baran Saha$01842229 801 0$bMiAaPQ 801 1$bMiAaPQ 801 2$bMiAaPQ 906 $aBOOK 912 $a9911019626003321 996 $aAdvancements in Non-Conventional Cooling and Thermal Storage Strategies$94422246 997 $aUNINA